000
00431nam a2200133Ia 4500
008
100328s9999 xx 000 0 und d
082
_b
17465
100
_a
नागार्जुन
245
_a
विद्यापति के गीत
260
_b
शिक्षा भारती
630
_a
विद्यापति के गीत
730
_a
विद्यापति के गीत
942
_c
BOOK
999
_c
512037
_d
512034